Contabilidad 1 /

Contenido: 1) Conceptos básicos de la contabilidad; 2) Normas de información financiera; 3) El balance o estado de situación financiera; 4) Registro de operaciones; 5) Cuentas de resultados deudoras y acreedoras; 6) Inventarios perpetuos; 7) El inventario periódico, analítico o pormenorizado; 8) El...

Description complète

Enregistré dans:
Détails bibliographiques
Auteur principal: Calleja Bernal, Francisco Javier (autor)
Autres auteurs: Calleja Bernal Mendoza, Ana María (autor) (autor)
Format: Livre
Langue:espagnol
Publié: México : Pearson : Prentice-Hall, 2015, c2015
Édition:2a edición
Sujets:
Tags: Ajouter un tag
Pas de tags, Soyez le premier à ajouter un tag!

MARC

LEADER 00000nam^a2200000^a^4500
001 000375292
005 20250521000000.0
009 20260526142527.645
020 |a 978-607-32-3477-1 
037 |a Acervo ITESO - Biblioteca 
041 |a ESP 
082 |a 657.  |b CAL 
100 |a Calleja Bernal, Francisco Javier  |e (autor) 
240 1 1 |a [Contabilidad 1, de Francisco Javier Calleja Bernal] 
245 1 0 |a Contabilidad 1 /  |c F.J. Calleja Bernal, A.M. Calleja Bernal Mendoza. 
250 |a 2a edición 
264 4 |a México :  |b Pearson :  |b Prentice-Hall,  |c 2015, c2015 
300 |a XXX, 504 p. +  |e 1 disco compacto de computadora 
336 |a texto  |b txt  |2 rdacontenido 
337 |a sin mediación  |b n  |2 rdamedio 
338 |a volumen  |b nc  |2 rdasoporte 
520 |a Contenido: 1) Conceptos básicos de la contabilidad; 2) Normas de información financiera; 3) El balance o estado de situación financiera; 4) Registro de operaciones; 5) Cuentas de resultados deudoras y acreedoras; 6) Inventarios perpetuos; 7) El inventario periódico, analítico o pormenorizado; 8) El estado de resultados; 9) Registro de operaciones en el diario y en paquetes de cómputo; 10) Ajustes y la nueva elaboración de estados financieros; 11) El estado de flujos de efectivo; 12) Estado de cambios en el capital contable. Apéndices: A) Escenarios; B) Ejercicios integradores; C) Prácticas finales; D) Ejercicios por capítulo y rúbrica. El libro indica en su portada que incluye un CD con el software Contpaqi Contabilidad, pero en realidad es un CD promocional de la empresa donde ofrece instrucciones para obtener una prueba por tiempo limitado. 
521 |a 2016 BO Licenciatura en Gestión Pública y Políticas Globales 
521 |a 2016 BO Licenciatura en Ingeniería Financiera 
521 |a 2017 BO Licenciatura en Contaduría y Gobierno Corporativo 
649 |a XX 
650 |a Inventarios -  |x Administración 
650 |a Estados Financieros 
650 |a Registros Contables 
650 |a Normalización y Certificación 
650 |a Contabilidad Financiera 
650 |a Contabilidad -  |x Aspectos Tecnológicos 
650 |a Contabilidad -  |x Tema Principal 
650 |a Ciencias Administrativas 
700 |a Calleja Bernal Mendoza, Ana María  |e (autor) 
910 |a Fondo General 
920 |a Impresos - Libros 
930 |a Colección General 
905 |a 101 
901 |a 0500268652  |b IT1  |c ACC  |i C151069  |u 20250521 
901 |a 0500268655  |b IT2  |c SWS  |i C151069  |u 20250521 
901 |a 0500268658  |b IT2  |c SWS  |i C151068  |u 20250521 
901 |a 0500280128  |b IT1  |c ACC  |i C152659  |u 20250521 
901 |a 0500280125  |b IT1  |c ACC  |i C152658  |u 20250521 
901 |a 0500280100  |b IT2  |c SWS  |i C152658  |u 20250521 
901 |a 0500280103  |b IT2  |c SWS  |i C152659  |u 20250521 
902 |a https://opac.biblio.iteso.mx/vufind/Record/000375292